|
|
|
|
| LEADER |
00000naa0a2200000 4500 |
| 001 |
595633 |
| 005 |
20250307135915.0 |
| 035 |
|
|
|a (RuTPU)RU\TPU\tpu\17051
|
| 090 |
|
|
|a 595633
|
| 100 |
|
|
|a 20091227d2004 k||y0rusy50 ba
|
| 101 |
0 |
|
|a eng
|
| 102 |
|
|
|a BR
|
| 200 |
1 |
|
|a Professional accreditation of engineering programmes in Russia
|f A. I. Chuchalin [et al.]
|
| 330 |
|
|
|a The paper is devoted to the system of professional accreditation for engineering programmes in addition to the system of higher education institutions (HEI) state accreditation in the Russian Federation. The procedure and criteria for professional accreditation of educational programmes in engineering and technology are presented, as well as the latest activities of the Russian Association for Engineering Education
|
| 333 |
|
|
|a В фонде НТБ ТПУ отсутствует
|
| 463 |
|
|
|t World Congress on Engineering and Technology Education, WCETE 2004 (Guarujá/Santos, Brazil, March 14-17, 2004)
|o Book of Abstracts
|v P. 78
|d 2004
|
| 610 |
1 |
|
|a труды учёных ТПУ
|
| 701 |
|
1 |
|a Chuchalin
|b A. I.
|c Doctor of technical sciences, Professor of Tomsk Polytechnic University
|c Vice-rector for Academic and International Affairs
|f 1952-
|g Alexander Ivanovich
|3 (RuTPU)RU\TPU\pers\30123
|
| 701 |
|
1 |
|a Pokholkov
|b Y. P.
|c Russian electrical engineer, doctor of engineering
|c Rector of the TPU (1990 - 2008), professor
|f 1939-
|g Yuri Petrovich
|3 (RuTPU)RU\TPU\pers\24842
|
| 701 |
|
1 |
|a Boev
|b O. V.
|
| 701 |
|
1 |
|a Mogilnitsky
|b S. B.
|
| 801 |
|
1 |
|a RU
|b 63413507
|c 20091227
|
| 801 |
|
2 |
|a RU
|b 63413507
|c 20121114
|g RCR
|
| 942 |
|
|
|c BK
|